Quizzes
Events
Quiz Creation
Community
Videos
Private Events
Remove Ads
Sign In
Join for FREE
Feedback
Dark Mode
Quiz Categories
Sports
Geography
Music
Movies
Television
Just For Fun
Miscellaneous
History
Literature
Language
Science
Gaming
Entertainment
Religion
Holiday
For Kids
Quiz Lab
Recent
Popular Today
Quiz Kudos Today
Editor Picks
Curator Picks
Quizzes by...
Day
Popularity
Type
Ratings
Length
Year
Community
Subscriptions
Recent Discussions
Orange Saloon
Badges
Playlists
Quests
Create
Leaderboards
Showdown
Live 5
Trivia Bingo
Activity
Puzzle Library
Sporcle Events
Private Events
Virtual Trivia
Globe League
Become a Host
Pub Owners
SporcleCon
Opinionation
Our Games
Videos
Blog
Mobile Apps
Partnerships
Remove Ads and Go Orange
Feedback
Literature
Harry Potter
A Song of Ice and Fire
The Hunger Games
Literary Character
Shakespeare
Book
Author
Novel
Poem
Young Adult
Children's Books
Play
Lord of the Rings
Literature
Harry Potter
A Song of Ice and Fire
The Hunger Games
Literary Character
Shakespeare
Book
Author
Novel
Poem
Young Adult
Children's Books
Play
Lord of the Rings
Random Quiz
Search Sporcle
×
Editor Pick
Editor Pick
Literature
Numbers
Type in answers that appear in a list
Type in answers that appear in a list
Classic
Best Score? Go Orange.
The 17 Stages of the Hero's Journey Stats
Can you name the 17 stages of the hero's journey as described by Joseph Campbell in 'The Hero With a Thousand Faces'?
By
Detektor
10m
17 Questions
301 Plays
301 Plays
301 Plays
Comments
Comments
Give Quiz Kudos
Give Quiz Kudos
-
- Ratings
hide this ad
Replay
Link that replays current quiz
Next Quiz
Link to next quiz in quiz playlist
You Got
0%
They Got
Avg Score
66%
Avg Friend Score
Upgrade to see
Score Distribution
Jump to the score distribution portion of the page
Score
0/17
Timer
10:00
0
Plays Today
Number
Stage
% Correct
Departure
The Call To Adventure
92.4%
Departure
Refusal of the Call
84.7%
Return
Refusal of the Return
84.4%
Departure
The Crossing of the First Threshold
77.7%
Return
The Crossing of the Return Threshold
76.7%
Departure
The Belly of the Whale
70.8%
Initiation
The Road of Trials
67.8%
Departure
Supernatural Aid
67.4%
Initiation
Woman as Temptress
65.1%
Number
Stage
% Correct
Initiation
The Meeting With the Goddess
60.8%
Initiation
Atonement with the Father
60.8%
Initiation
The Ultimate Boon
58.5%
Initiation
Apotheosis
56.1%
Return
The Magic Flight
54.5%
Return
Freedom to Live
52.5%
Return
Master of Two Worlds
51.5%
Return
Rescue From Without
46.5%
Quiz Playlist
Details
Report
Send in Message
Add To Playlist
Classic:
Type in answers that appear in a list
Last Updated: Feb 16, 2017
Editor Pick in
Literature
Quiz Scoreboard
CHALLENGE
Sign Up to Join the Scoreboard
Show All
Scores
Hide
Comments
May contain spoilers
Recently Published
Pick 6: Fruits
by JohnFran
Miscellaneous
15s
Click the 1999 NBA Draft
by nibperrychub
Sports
2m
Alphabetical 'K' Countries by Flag Minefield
by ylime102
Geography
3m
More to Explore
Quiz From the Vault
Featured Blog Post
15 Basketball Trivia Facts You Can Be March Mad About
hide this ad
You Might Also Like...
Tags
Numbers Quiz
campbell
face
Hero
joseph
Journey
stage
thousand
Today's Top Quizzes in Literature
Browse Literature
hide this ad
Today's Top Quizzes in Numbers
Browse Numbers
Top Contributed Quizzes in Literature
1
Season Plays
2
Harry Potter Characters: Logic Puzzle
3
Pick 3: Harry Potter Hogwarts Quidditch Players
4
Harry Potter Logic Quiz New
5
4-to-1 Blitz: Harry Potter
6
Word Ladder: King's 'The Stand'
7
Spring Reading List
8
A Court of Thorns and Roses (ACoTaR) Criteria Quiz
9
Chronology: Percy Jackson - Character deaths
10
percy jackson logic puzzle
Explore More
Trending Topics
Disney
Harry Potter
Anime
NBA
Kpop
Marvel
Crossword
Country
Puzzle
WWE
NFL
Pokémon
The Office
Song
Soccer
hide this ad
More By:
Detektor
Quiz
Plays
Rating
Category
Featured
Created
'And' Idioms
221,359
4.41
Language
Jan 8, 2010
Presidential Education
142,773
4.28
History
Feb 8, 2010
Most-Published Comic Book Characters
107,762
3.99
Entertainment
Dec 1, 2009
IPA Pronunciation
99,178
4.54
Language
Apr 30, 2010
Marvel Superheroes by Profession
68,900
3.65
Entertainment
Jun 25, 2010
Go to Creator's Profile
Score Distribution
Quiz Creator Spotlight
Detektor
Follow
Send a Message
Quizzes Created
-
Created Quiz Play Count
-
More By This Creator
Popular Quizzes Today
1
Countries of Asia Without Outlines Minefield
2
Find the US States - No Outlines Minefield
3
Pick 6: Fruits
4
Alphabetical 'K' Countries by Flag Minefield
5
The Countries of the World
6
Find the US States
7
US States
8
Find the Countries of Europe - No Outlines Minefield
More Literature Quizzes
Literary Characters by Memoir Title
Editor's Pick
Trending Quizzes
Pick 6: Mountains
Pick 6: Harry Potter
Pick 6: Flags
Pick 6: NFL Teams
Pick 6: Movie Franchises
Recently Updated
NWSL Teams
pecheneg
Women's Final Four Teams by Year
bhenderson79
Presidents Quartet II
eogle
Anything But Clue(do)
eogle
Anything But Oceanian Capitals
eogle
Anything But 7
eogle
Anything But Thing
eogle
Word Ladder: February 29
pecheneg
Song Title Questions
pecheneg
Women's NCAA Tournament #1 Seeds
pecheneg
Trending Topics
Disney
Anime
Harry Potter
NBA
Kpop
Crossword
Marvel
Soccer
WWE
The Office
Song
Country
Puzzle
Pokémon
NFL
Your Account Isn't Verified!
In order to create a playlist on Sporcle, you need to verify the email address you used during registration. Go to your
Sporcle Settings
to finish the process.
Report this User
Report this user for behavior that violates our
Community Guidelines
.
Details:
Send Report
Go to the Sporcle.com Mobile Site →
Comments